000 01866nam a2200349 i 4500
999 _c65452
_d65452
001 768714001
003 CO-MdFUSB
005 20200318130015.0
007 ta
008 200310t2009 sp |||| |||| 00| 0 eng d
020 _a9788408079750
040 _aCO-MdFUSB
_bspa
_cCO-MdFUSB
_dCO-MdFUSBC
_erda
041 _aspa
082 _223
_a305.231
_bC982h
100 _aCury, Augusto Jorge,
_eautor
245 1 _aHijos brillantes, alumnos fascinantes :
_bno hay jóvenes difíciles, sino una comunicación inadecuada.
_c/ Augusto Cury
264 1 _aEspaña :
_bPlaneta,
_c[2009]
264 4 _c© 2009
300 _a185 páginas
_c; 21 cm
336 _2rdacontent
_asonidos
_btxt
337 _2rdamedia
_asin mediación
_bn
338 _2rdacarrier
_avolumen
_bnc
490 _aZenith.
505 _aLos buenos hijos conocen el prefacio de la historia de sus padres. -- Los buenos hijos se preparan para el éxito. -- Los hijos brillantes se preparan para enfrentarse a las derrotas y a las frustraciones. -- Los buenos hijos aprenden de sus errores. -- Los hijos brillantes también aprenden de los errores de las demás. -- Los buenos hijos tienen sueños o disciplina. -- Los hijos brillantes tienen sueños y disciplina. -- Los buenos alumnos aprenden las matemáticas numéricas. Los alumnos fascinantes aprenden las matemáticas emocionales. -- Los buenos alumnos son repetidores de información. Los alumnos fascinantes son pensadores. -- Los buenos alumnos esconden determinadas intenciones. Los alumnos fascinantes son transparentes. -- Los buenos alumnos se preparan para recibir un diploma. Los alumnos fascinantes se preparan para la vida.
563 _aRústico
650 0 _9984
_aEducación
650 0 _9292
_aFamilias
650 0 _91074
_aComunicación interpersonal
650 7 _9100
_aEducación infantil
942 _cBK
945 _aJTF-925